Treehouse - Alex G Lyrics - Statistics

General Stats
  • This quiz has been taken 107 times
  • The average score is 102 of 130
Answer Stats
Lyric % Correct
I
100%
you
97%
"Do
95%
do
95%
the
93%
treehouse?
93%
can
92%
ever
92%
go
92%
is
92%
my
90%
Why
90%
away?
88%
doorway
88%
everyone
88%
not
88%
on
88%
stay
88%
enter"
87%
Except
87%
just
87%
written
87%
can't
85%
of
80%
think
80%
What
80%
loud
77%
and
73%
really
73%
by
72%
I'm
72%
myself
70%
talk
68%
all
65%
Usually
65%
where
65%
It's
63%
be
58%
sit
58%
captain
55%
don't
55%
deputy
53%
glad
52%
so
52%
let
50%
gonna
48%
leave
45%
funny
43%
but
38%
No matching quizzes found
Score Distribution
Percent of People with Each Score
Percentile by Number Answered
Your Score History
You have not taken this quiz